The hybrid-corn makers : (Record no. 7287)

MARC details
000 -LEADER
fixed length control field 00612cam a2200217u 4500
001 - CONTROL NUMBER
control field BD-DhSAU 7287
003 - CONTROL NUMBER IDENTIFIER
control field BD-DhSAU
005 - DATE AND TIME OF LATEST TRANSACTION
control field 20150521132932.0
008 - FIXED-LENGTH DATA ELEMENTS--GENERAL INFORMATION
fixed length control field 821001s1947 -usac r 001 0 eng
040 ## - CATALOGING SOURCE
Original cataloging agency BD-DhSAU
082 ## - DEWEY DECIMAL CLASSIFICATION NUMBER
Edition number 22
Classification number 633.1
Item number CRH
100 1# - MAIN ENTRY--PERSONAL NAME
Personal name Crabb, A. Richard
Fuller form of name (Alexander)
Dates associated with a name 1911-
245 14 - TITLE STATEMENT
Title The hybrid-corn makers :
Remainder of title prophets of plenty /
Statement of responsibility, etc. by A. Richard Crabb.
260 ## - PUBLICATION, DISTRIBUTION, ETC. (IMPRINT)
Place of publication, distribution, etc. New Brunswick :
Name of publisher, distributor, etc. Rutgers Univ. Press,
Date of publication, distribution, etc. c1947.
300 ## - PHYSICAL DESCRIPTION
Extent xxv, 331 p. :
Other physical details ill. ;
Dimensions 22 cm.
504 ## - BIBLIOGRAPHY, ETC. NOTE
Bibliography, etc Includes index.
590 ## - Name of Cataloguer
Name of Cataloger joy
650 #0 - SUBJECT ADDED ENTRY--TOPICAL TERM
Topical term or geographic name as entry element Corn.
650 #0 - SUBJECT ADDED ENTRY--TOPICAL TERM
Topical term or geographic name as entry element Economics.
942 ## - ADDED ENTRY ELEMENTS (KOHA)
Source of classification or shelving scheme Dewey Decimal Classification
Koha item type Book
Holdings
Withdrawn status Lost status Source of classification or shelving scheme Damaged status Not for loan Collection code Home library Branch Name Shelving location Date acquired Total Checkouts Full call number Barcode Date last seen Price effective from Koha item type
    Dewey Decimal Classification   Not For Loan Reference SAU Library SAU Library Reference 10/07/1978   633.1 CRH 690 21/05/2015 21/05/2015 Book